| 000 | 00575nam a22001937a 4500 | ||
|---|---|---|---|
| 003 | OSt | ||
| 008 | 240123b2006 |||||||| |||| 00| 0 eng d | ||
| 020 | _a0471479314 | ||
| 082 |
_a658.4013 _bWEL-G |
||
| 100 | _aWelborn, Ralph | ||
| 245 |
_aGet it done : _ba blueprint for business execution / _cRalph Welborn and Vince Kasten. |
||
| 260 |
_aCanada : _bJohn Wiley & Sons , _c2006. |
||
| 300 | _axxxii, 300 p. ; | ||
| 650 | _aOrganizational change | ||
| 650 | _aOrganizational effectiveness | ||
| 650 | _aIndustrial management | ||
| 700 | _aKasten, Vince | ||
| 942 |
_2ddc _cBK |
||
| 999 |
_c20170 _d20170 |
||